000 00989nam a22002417a 4500
999 _c19219
_d19219
003 AR-CdUCM
008 190516b ||||| |||| 00| 0 spa d
040 _aMUNICIPALIDAD PROVINCIAL DEL CUSCO
_cBIBLIOTECA MUNICIPAL DEL CUSCO
041 _heng
082 _a301 /
_bF57
100 _aFleischmann, Eugéne
_940429
245 _aEstructuralismo y antropología /
260 _aBuenos Aires :
_bEdiciones Nueva Visión,
_c1971.
300 _a209 páginas ;
_c20 cm.
440 _aColección El Pensamiento Estructuralista.
_940430
505 _aContenido: El estructuralismo en antropología -- El estructuralismo de Lévi - Strauss y la investigación antropológica -- Estructuralismo y funcionalismo en Lévis Strauss -- El espíritu humano en Lévis Strauss ...
650 _aAntropología
_9878
650 _aEstructuralismo
_915023
650 _aEl espíritu humano
_940431
700 _aStolior, Berta (traducción)
_940432
942 _2ddc
_cLIBROS
945 _aachl
_d2019-05-16